Languages - Statistics

General Stats
  • This quiz has been taken 13 times
  • The average score is 20 of 32
Answer Stats
Answer % Correct
English
100%
French
100%
Spanish
91%
Dutch
82%
German
82%
Hindi
82%
Korean
82%
Russian
82%
Arabic
73%
Chinese
73%
Polish
73%
Portuguese
73%
Swedish
73%
Danish
64%
Greek
64%
Norwegian
64%
Thai
64%
Turkish
64%
Turkish
64%
Ukrainian
64%
Croatian
55%
Finnish
55%
Irish
55%
Italian
55%
Romanian
55%
Belarusian
45%
Latin
45%
Kazakh
36%
Nepali
27%
Zulu
27%
Chinese (Simplified)
0%
Mandarin Chinese
0%
No matching quizzes found
Score Distribution
Percent of People with Each Score
Percentile by Number Answered
Your Score History
You have not taken this quiz